000 00357nam a22001337a 4500
999 _c17667
_d17667
008 190517b xxu||||| |||| 00| 0 eng d
020 _a8176255165
050 _aRC467
_b.F54 2004 c.1
100 _aFlexner, William
245 _aElements of Clinical Psychology
_cWilliam Flexner
260 _aNew Delhi
_bSarup
_c2004
300 _a276p.
942 _2lcc
_cBK